[Event "Bruneck-Kaltern/Tramin"]
[Site "?"]
[Date "2015.11.07"]
[Round "1.1"]
[White "Bertagnolli, Alexander"]
[Black "Luciani, Valerio"]
[Result "1-0"]
[WhiteElo "2355"]
[BlackElo "2149"]
[PlyCount "103"]
[EventDate "2015.??.??"]

1. Nf3 Nf6 2. g3 d5 3. Bg2 c6 4. O-O Bg4 5. c4 e6 6. Qb3 Qb6 7. Qc2 Nbd7 8. d3
Bd6 9. Be3 Qd8 10. Qb3 Qb8 11. Nc3 O-O 12. Rac1 a6 13. a4 Rc8 14. a5 Qc7 15.
Qa4 Qd8 16. Rc2 Bc7 17. Ra1 Bxf3 18. exf3 Ne5 19. f4 Ng6 20. cxd5 cxd5 21. f5
Ne5 22. fxe6 fxe6 23. Re2 Nc6 24. Bg5 Bxa5 25. Rxe6 Bxc3 26. bxc3 Qd7 27. Bh3
Qf7 28. Rae1 Re8 29. Qb3 Kf8 30. Bxf6 gxf6 31. Qxd5 Ne5 32. d4 Nc6 33. Qf5 Kg7
34. Bg2 Rxe6 35. Rxe6 Re8 36. Rxe8 Qxe8 37. Be4 Qg8 38. Qd7+ Qf7 39. Bxc6 bxc6
40. Qxc6 Qa2 41. Qd7+ Kg6 42. Qg4+ Kf7 43. Qh5+ Kg7 44. Qd1 Kf7 45. d5 Ke7 46.
Qe1+ Kd8 47. d6 Qf7 48. c4 Kd7 49. c5 f5 50. Qd1 Qc4 51. Qe1 Qf7 52. Qe5 1-0

[Event "Bruneck-Kaltern/Tramin"]
[Site "?"]
[Date "2015.11.07"]
[Round "1.2"]
[White "Moling, Patrick"]
[Black "Paltrinieri, Nicholas"]
[Result "0-1"]
[WhiteElo "2094"]
[BlackElo "2201"]
[PlyCount "42"]
[EventDate "2015.??.??"]

1. e4 e6 2. d4 d5 3. exd5 exd5 4. Bd3 c5 5. Qe2+ Be7 6. dxc5 Nf6 7. Nf3 O-O 8.
O-O Re8 9. Qe3 Nbd7 10. Nc3 Nxc5 11. Bb5 Bd7 12. Qd4 Bxb5 13. Nxb5 Qd7 14. c4
a6 15. Ne5 Qc8 16. Nc3 Bd6 17. Nf3 Ne6 18. Qd1 Qxc4 19. Be3 Rad8 20. Na4 Qg4
21. h3 Qg6 0-1

[Event "Bruneck-Kaltern/Tramin"]
[Site "?"]
[Date "2015.11.07"]
[Round "1.3"]
[White "Panjkovic, Aleksandar"]
[Black "Oberhammer, Ignaz"]
[Result "1-0"]
[WhiteElo "2086"]
[BlackElo "1952"]
[PlyCount "111"]
[EventDate "2015.??.??"]

1. c4 Nf6 2. g3 g6 3. Bg2 Bg7 4. Nc3 O-O 5. e4 d6 6. Nge2 c5 7. O-O Nc6 8. d3
a6 9. h3 Rb8 10. f4 Bd7 11. Be3 b5 12. Rb1 bxc4 13. dxc4 Qc8 14. Kh2 Rd8 15.
Qd2 Nd4 16. Nxd4 cxd4 17. Bxd4 Qxc4 18. Rfd1 Rb4 19. Bxf6 exf6 20. Qxd6 Rbb8
21. Bf1 Qc6 22. Bxa6 f5 23. Qxc6 Bxc6 24. Nd5 Kf8 25. Bc4 Bxb2 26. exf5 gxf5
27. Ne3 Rxd1 28. Nxd1 Be5 29. Rxb8+ Bxb8 30. Bd3 Ke7 31. Bxf5 h6 32. Nc3 Kd6
33. Be4 Bd7 34. Bd5 f6 35. Bb3 Bc7 36. Ba4 Be6 37. Nb5+ Kc6 38. Nxc7+ Kxc7 39.
Bb3 Bd7 40. g4 Kd6 41. Kg3 Ke7 42. Kh4 Kf8 43. Kg3 Ke7 44. f5 Be8 45. h4 Kd6
46. Kf4 Bb5 47. g5 hxg5+ 48. hxg5 fxg5+ 49. Kxg5 Ke7 50. f6+ Kf8 51. a4 Bc6 52.
a5 Bh1 53. a6 Ba8 54. Kf5 Bc6 55. Ke5 Ba8 56. Bd5 1-0

[Event "Bruneck-Kaltern/Tramin"]
[Site "?"]
[Date "2015.11.07"]
[Round "1.5"]
[White "Bertagnolli, Gerhard"]
[Black "Lang, Guenther"]
[Result "1-0"]
[WhiteElo "1878"]
[BlackElo "1705"]
[PlyCount "109"]
[EventDate "2015.??.??"]

1. d4 f5 2. c4 Nf6 3. g3 g6 4. Bg2 d6 5. Nc3 Bg7 6. Nh3 O-O 7. b3 e5 8. dxe5
dxe5 9. Ba3 Qxd1+ 10. Rxd1 Re8 11. Nb5 Na6 12. O-O h6 13. Rd2 Ne4 14. Bxe4 fxe4
15. Kg2 Bf5 16. Ng1 Bf6 17. e3 Be7 18. Bxe7 Rxe7 19. h3 h5 20. Rfd1 Ree8 21.
Ne2 c6 22. Nd6 Re7 23. Nc3 Nc5 24. b4 Ne6 25. Ncxe4 Rf8 26. Nc3 Ng5 27. Nxf5
gxf5 28. Rd7 Rff7 29. Rxe7 Rxe7 30. h4 Ne6 31. Rd6 Kg7 32. b5 cxb5 33. Nd5 Re8
34. Rd7+ Kg6 35. cxb5 Rb8 36. Ne7+ Kf6 37. Nd5+ Kg6 38. Kf1 Nc5 39. Rd6+ Kg7
40. Ne7 Rf8 41. Rd5 Ne6 42. Rd7 f4 43. exf4 exf4 44. gxf4 Nxf4 45. Rxb7 Kf6 46.
Rxa7 Rd8 47. f3 Rd2 48. b6 Rb2 49. b7 Rb1+ 50. Kf2 Nd3+ 51. Ke3 Nc5 52. Nd5+
Ke5 53. Nc3 Rb4 54. Ra5 Kd6 55. Nb5+ 1-0

[Event "Bruneck-Kaltern/Tramin"]
[Site "?"]
[Date "2015.11.07"]
[Round "1.6"]
[White "Niederkofler, Andreas"]
[Black "Dallaglio, Giovanni"]
[Result "1/2-1/2"]
[WhiteElo "1797"]
[BlackElo "1840"]
[PlyCount "146"]
[EventDate "2015.??.??"]

1. e4 e6 2. d4 d5 3. Nc3 dxe4 4. Nxe4 Nd7 5. Nf3 Ngf6 6. Nxf6+ Nxf6 7. Ne5 Nd7
8. Nf3 Bd6 9. c3 c5 10. Bd3 h6 11. O-O O-O 12. Bc2 Qc7 13. Re1 Nf6 14. Ne5 Rd8
15. Qe2 cxd4 16. cxd4 Bd7 17. Bf4 Bc6 18. Rac1 Qe7 19. Qd3 Bxe5 20. Bxe5 Rac8
21. Re3 Bd5 22. Rg3 Kf8 23. Rd1 Bc4 24. Qd2 Nh5 25. Rh3 Nf6 26. Rxh6 gxh6 27.
Qxh6+ Ke8 28. Bxf6 Qf8 29. Qxf8+ Kxf8 30. Bxd8 Rxd8 31. Bb3 Bxb3 32. axb3 Rc8
33. g4 Rc2 34. Kg2 Rxb2 35. Rd3 b5 36. h4 a5 37. h5 Kg7 38. Kg3 a4 39. bxa4
bxa4 40. f3 Rb3 41. Rd2 a3 42. Ra2 f6 43. Kf4 e5+ 44. dxe5 fxe5+ 45. Ke4 Kf6
46. Rc2 Rb4+ 47. Kd3 Rb3+ 48. Ke4 Rb4+ 49. Kd5 Rb5+ 50. Kc4 Rb2 51. Kc3 Rb1 52.
Ra2 Rf1 53. Rxa3 Rxf3+ 54. Kb2 e4 55. Ra6+ Kf7 56. Kc2 Rg3 57. Rg6 Rd3 58. g5
Rh3 59. Rf6+ Ke7 60. h6 Rh5 61. Rg6 Kf7 62. Rg7+ Kf8 63. Kd2 Rh3 64. Rb7 Kg8
65. Re7 Rg3 66. Rg7+ Kh8 67. g6 Rh3 68. Rh7+ Kg8 69. Ke2 Rg3 70. Rg7+ Kh8 71.
Kf2 Rh3 72. Rh7+ Kg8 73. Kg2 Rh5 1/2-1/2

[Event "Arci-Klausen"]
[Site "?"]
[Date "2015.11.07"]
[Round "1.1"]
[White "Schacher, Gerd"]
[Black "Seresin, Francesco"]
[Result "1-0"]
[WhiteElo "2295"]
[BlackElo "1875"]
[PlyCount "137"]
[EventDate "2015.??.??"]

1. Nf3 f5 2. g3 Nf6 3. Bg2 g6 4. c4 Bg7 5. d4 O-O 6. b4 c6 7. Bb2 a5 8. b5 cxb5
9. cxb5 d5 10. O-O Ne4 11. Nc3 Be6 12. Qb3 Nd7 13. Nxe4 a4 14. Nf6+ Nxf6 15.
Qb4 Ne4 16. Rac1 Qd6 17. Ba3 Bf6 18. Ne5 Qxb4 19. Bxb4 Rfc8 20. e3 g5 21. a3
Nd6 22. Bxd6 exd6 23. Nd3 Rxc1 24. Rxc1 Ra5 25. Bf1 Bd8 26. Nb4 Kf7 27. Bd3 h6
28. Kg2 Ke7 29. h3 Ra8 30. Na2 Ba5 31. Rc2 Bd7 32. f4 gxf4 33. gxf4 Rg8+ 34.
Kf2 Ke6 35. Nc3 Rc8 36. Ne2 Rg8 37. Ng3 Be1+ 38. Kxe1 Rxg3 39. Kf2 Rxh3 40. Bf1
Rh2+ 41. Bg2 Bxb5 42. Kg3 Rxg2+ 43. Rxg2 Bd3 44. Kh4 b5 45. Kh5 Kd7 46. Rb2 Bc4
47. Rb4 Ke6 48. Kxh6 Bd3 49. Kg6 Bc4 50. Rb2 Bb3 51. Rb1 Bc4 52. Rh1 Bd3 53.
Rh7 Bc4 54. Rb7 Bd3 55. Kg7 Bc4 56. Kf8 Kf6 57. Ke8 Kg6 58. Ke7 Kh5 59. Kxd6
Kg4 60. Ke5 Kf3 61. Kxf5 Kxe3 62. Ke5 Bd3 63. f5 Bxf5 64. Kxf5 Kxd4 65. Rxb5
Kc4 66. Rb4+ Kc3 67. Rxa4 d4 68. Ke4 d3 69. Rd4 1-0

[Event "Arci-Klausen"]
[Site "?"]
[Date "2015.11.07"]
[Round "1.2"]
[White "Olivetti, Davide"]
[Black "Seebacher, Reinhard"]
[Result "1-0"]
[WhiteElo "1972"]
[BlackElo "1911"]
[PlyCount "35"]
[EventDate "2015.??.??"]

1. e4 c6 2. d4 d5 3. e5 Bf5 4. Nf3 e6 5. Be2 Nd7 6. O-O Bg4 7. Nbd2 Ne7 8. b3
Nf5 9. h3 Bxf3 10. Nxf3 c5 11. c4 cxd4 12. cxd5 exd5 13. Nxd4 Nxd4 14. Qxd4 Qa5
15. e6 Nf6 16. Bd2 Qc5 17. Qa4+ Kd8 18. Rac1 1-0

[Event "Arci-Klausen"]
[Site "?"]
[Date "2015.11.07"]
[Round "1.3"]
[White "Seebacher, Michael"]
[Black "De Vita, Gianni"]
[Result "1/2-1/2"]
[WhiteElo "1766"]
[BlackElo "1908"]
[PlyCount "64"]
[EventDate "2015.??.??"]

1. e4 d5 2. exd5 Qxd5 3. Nc3 Qd6 4. d4 Nf6 5. Nf3 c6 6. Ne5 Bf5 7. Bc4 e6 8.
O-O Be7 9. Bf4 Qd8 10. g4 Bg6 11. h4 Ne4 12. h5 Nxc3 13. bxc3 Be4 14. Qe2 Bd5
15. Bd3 f6 16. Nf3 Bd6 17. Bxd6 Qxd6 18. Nd2 e5 19. dxe5 fxe5 20. Rfe1 Nd7 21.
Bf5 O-O 22. c4 Be6 23. Ne4 Qe7 24. Ng3 Rae8 25. Rad1 Qf7 26. Qd3 Nb6 27. Bxh7+
Kh8 28. Bf5 Bxc4 29. Qd2 Bd5 30. Qg5 Qf6 31. Qxf6 gxf6 32. a3 Rd8 1/2-1/2

[Event "Arci-Klausen"]
[Site "?"]
[Date "2015.11.07"]
[Round "1.4"]
[White "Rinaldo, Gaetano"]
[Black "Schrott, Johann"]
[Result "1/2-1/2"]
[WhiteElo "1669"]
[BlackElo "1812"]
[PlyCount "113"]
[EventDate "2015.??.??"]

1. g3 d5 2. Nf3 Nf6 3. Bg2 Nc6 4. d3 e5 5. O-O Bc5 6. Bg5 h6 7. Bxf6 Qxf6 8.
Nbd2 O-O 9. c4 dxc4 10. Ne4 Qe7 11. Nxc5 Qxc5 12. Qc2 Be6 13. b3 Bd5 14. dxc4
Bxf3 15. Bxf3 Nd4 16. Qe4 Nxf3+ 17. Qxf3 c6 18. Rfd1 Rad8 19. e3 Qa5 20. Qe2 f5
21. Qc2 f4 22. exf4 exf4 23. c5 Qc7 24. Qc4+ Kh8 25. Rxd8 Qxd8 26. Qc2 Qg5 27.
Rd1 f3 28. Qc4 Qf5 29. Qf4 Qc8 30. Qd6 Qf5 31. Qd7 Qxc5 32. Qxb7 Qc2 33. Qd7
Qxa2 34. Qe7 Rg8 35. Qe3 Rb8 36. Qxf3 Qxb3 37. Rd3 Qe6 38. Re3 Qg6 39. Qf4 Qb1+
40. Kg2 Qb7 41. Qa4 Qb5 42. Qxa7 Qd5+ 43. Kh3 Rf8 44. f4 Rd8 45. Re5 Qf3 46.
Qe3 Qxe3 47. Rxe3 Rd6 48. Kg4 g6 49. h4 Kg7 50. h5 c5 51. hxg6 Kxg6 52. Kf3 c4
53. g4 h5 54. gxh5+ Kxh5 55. Rc3 Rd3+ 56. Rxd3 cxd3 57. Ke3 1/2-1/2

[Event "Arci-Klausen"]
[Site "?"]
[Date "2015.11.07"]
[Round "1.5"]
[White "Schrott, Ernst"]
[Black "Reyna Hernandez, Sandor"]
[Result "1/2-1/2"]
[WhiteElo "1882"]
[BlackElo "1921"]
[PlyCount "27"]
[EventDate "2015.??.??"]

1. e4 c5 2. Nf3 e6 3. d4 cxd4 4. Nxd4 a6 5. Nc3 Qc7 6. a3 Nf6 7. Be2 Bd6 8. Be3
Nc6 9. Qd2 Nxd4 10. Bxd4 Bxh2 11. O-O-O Bf4 12. Be3 Be5 13. Bd4 Bf4 14. Be3
1/2-1/2

[Event "Arci-Klausen"]
[Site "?"]
[Date "2015.11.07"]
[Round "1.6"]
[White "Zanatta, Daniel"]
[Black "Sigmund, Ingenuin"]
[Result "1-0"]
[WhiteElo "1592"]
[BlackElo "1729"]
[PlyCount "91"]
[EventDate "2015.??.??"]

1. e4 e6 2. b3 d5 3. Bb2 dxe4 4. Nc3 Nf6 5. g4 Bc5 6. g5 Qd4 7. Nh3 Nd5 8. Na4
Qb4 9. c4 Nb6 10. a3 Bxf2+ 11. Nxf2 Qa5 12. Nxb6 axb6 13. Nxe4 O-O 14. Bd3 Nd7
15. Qh5 f5 16. Bc3 Qa7 17. Ng3 Nc5 18. Bc2 b5 19. d4 bxc4 20. dxc5 cxb3 21.
Bxb3 Qxc5 22. Qf3 Rxa3 23. Rxa3 Qxa3 24. Qd1 Qe7 25. h4 Kh8 26. Nh5 e5 27. Qd5
Re8 28. O-O c6 29. Qf7 Qxf7 30. Bxf7 Re7 31. Bb3 Be6 32. Bxe6 Rxe6 33. Rxf5 Kg8
34. Rxe5 Rxe5 35. Bxe5 g6 36. Nf6+ Kf7 37. Nxh7 c5 38. Nf6 Ke6 39. Bc3 b5 40.
Ne4 c4 41. Kf2 Kf5 42. Kf3 Ke6 43. Kf4 Kd5 44. h5 gxh5 45. Nf6+ Kd6 46. Nxh5
1-0

[Event "Bruneck-Kaltern/Tramin"]
[Site "?"]
[Date "2015.11.07"]
[Round "1.4"]
[White "Peintner, Andreas"]
[Black "Thaler, Elmar"]
[Result "1-0"]
[WhiteElo "1915"]
[BlackElo "1826"]
[PlyCount "57"]
[EventDate "2015.??.??"]

1. d4 Nf6 2. c4 c6 3. Nf3 d5 4. e3 dxc4 5. Bxc4 Qb6 6. O-O Bg4 7. Bxf7+ Kxf7 8.
Ne5+ Ke8 9. Nxg4 Nbd7 10. Na3 Qc7 11. Bd2 h5 12. Nxf6+ gxf6 13. e4 e6 14. Nc4
Kf7 15. Rc1 Bd6 16. f4 Nb6 17. Qb3 Nxc4 18. Qxc4 Rad8 19. e5 Be7 20. f5 Qd7 21.
fxe6+ Qxe6 22. exf6 Qxc4 23. Rxc4 Bxf6 24. Bg5 Rd6 25. d5 Ke7 26. Rxf6 Rxf6 27.
Rf4 Rhf8 28. Rxf6 Rxf6 29. d6+ 1-0

[Event "Gries-Groeden"]
[Site "?"]
[Date "2015.11.07"]
[Round "1.1"]
[White "Moroder, Stephan"]
[Black "Spornberger, Maximilian"]
[Result "1/2-1/2"]
[WhiteElo "2164"]
[BlackElo "2338"]
[PlyCount "53"]
[EventDate "2015.??.??"]

1. b3 g6 2. Bb2 Nf6 3. Bxf6 exf6 4. c4 d5 5. cxd5 Qxd5 6. Nc3 Qa5 7. e3 Bb4 8.
Nge2 Nc6 9. a3 Ne5 10. Qb1 Bxc3 11. Nxc3 c6 12. f4 Nd7 13. Qe4+ Kf8 14. b4 Qd8
15. Qd4 Kg7 16. Be2 Nb6 17. Qxd8 Rxd8 18. d4 f5 19. Kf2 Be6 20. a4 Re8 21. Rhe1
Re7 22. a5 Nc4 23. Bxc4 Bxc4 24. Na4 Bb5 25. Nc3 Bc4 26. Na4 Bb5 27. Nc3
1/2-1/2

[Event "Gries-Groeden"]
[Site "?"]
[Date "2015.11.07"]
[Round "1.4"]
[White "Zammarchi, Massimo"]
[Black "Scola, Matteo"]
[Result "1-0"]
[WhiteElo "1939"]
[BlackElo "1753"]
[PlyCount "63"]
[EventDate "2015.??.??"]

1. e4 c5 2. Nf3 e6 3. d4 cxd4 4. Nxd4 a6 5. Bd3 Nc6 6. Nxc6 bxc6 7. O-O d5 8.
Nc3 Bc5 9. Qg4 g6 10. Bg5 Be7 11. Bd2 Nf6 12. Qf3 d4 13. e5 Nd5 14. Ne4 Rb8 15.
b3 Bb7 16. Bh6 c5 17. Qe2 Qc7 18. f4 Ne3 19. Rf2 Bd5 20. Bg7 Rg8 21. Nf6+ Bxf6
22. Bxf6 c4 23. bxc4 Bxc4 24. h3 Rb2 25. Bxc4 Rxc2 26. Bb5+ axb5 27. Qxb5+ Rc6
28. Rd2 Kd7 29. Rxd4+ Nd5 30. Rc1 Rc8 31. Kh2 Qa7 32. Rxc6 1-0

[Event "Gries-Groeden"]
[Site "?"]
[Date "2015.11.07"]
[Round "1.6"]
[White "Paulmichl, Martin"]
[Black "Dejori, David"]
[Result "0-1"]
[WhiteElo "1922"]
[BlackElo "1592"]
[PlyCount "84"]
[EventDate "2015.??.??"]

1. d4 d5 2. Bg5 Nd7 3. e3 Ngf6 4. Nd2 e6 5. Bd3 Be7 6. Ngf3 O-O 7. O-O b6 8.
Ne5 Nxe5 9. dxe5 Nd7 10. Bf4 c5 11. c3 Bb7 12. Qg4 Re8 13. Nf3 c4 14. Bc2 f5
15. exf6 Bxf6 16. h4 Qe7 17. Rad1 Rad8 18. Rfe1 e5 19. Bg5 Bxg5 20. hxg5 g6 21.
Ba4 Qe6 22. Bxd7 Qxd7 23. Qxd7 Rxd7 24. e4 d4 25. cxd4 exd4 26. Rxd4 Rxd4 27.
Nxd4 Rxe4 28. Rd1 Rg4 29. f4 Rxg2+ 30. Kf1 Rxb2 31. Ne6 c3 32. Rd8+ Kf7 33. Nd4
c2 34. Nxc2 Ba6+ 35. Ke1 Rxc2 36. Rd7+ Ke6 37. Rxa7 Rxa2 38. Rxh7 Bc4 39. Rg7
Kf5 40. Rb7 b5 41. Rb6 Re2+ 42. Kd1 Re6 0-1

[Event "Gries-Groeden"]
[Site "?"]
[Date "2015.11.07"]
[Round "1.2"]
[White "Spornberger, Andre"]
[Black "Demetz, Rainer"]
[Result "1-0"]
[WhiteElo "2158"]
[BlackElo "2183"]
[PlyCount "115"]
[EventDate "2015.??.??"]

1. e4 e5 2. Nf3 d6 3. d4 exd4 4. Nxd4 Nf6 5. Nc3 Be7 6. Be2 O-O 7. O-O Re8 8.
Re1 Bf8 9. Bf1 Nbd7 10. Bg5 h6 11. Bh4 c6 12. Qd2 Ne5 13. a4 Ng6 14. Bg3 Nh5
15. Rad1 Nxg3 16. hxg3 Qf6 17. Bc4 Ne5 18. Bb3 Bd7 19. Qf4 Qg6 20. Nf5 Rad8 21.
Re2 Bc8 22. Red2 d5 23. Ne3 Bd6 24. Ncxd5 cxd5 25. Rxd5 b6 26. R5d2 Nd3 27.
Rxd3 Bxf4 28. Rxd8 Qxe4 29. gxf4 Qe7 30. R8d6 Qc7 31. f5 Kh7 32. c3 Qe7 33.
R1d4 Kg8 34. Bc4 Kf8 35. Bb5 Qc7 36. Bxe8 Kxe8 37. f6 gxf6 38. Rxf6 Be6 39.
Rxh6 Qe5 40. Rhh4 Kf8 41. Rhf4 Qg5 42. Nc4 Ke7 43. b4 Qh5 44. a5 b5 45. Ne3 Qe5
46. Rde4 Qh5 47. Nf5+ Kd7 48. Rd4+ Kc6 49. Ng7 Qe5 50. Nxe6 Qe1+ 51. Kh2 fxe6
52. Rde4 Qxc3 53. Rxe6+ Kd7 54. Rh6 a6 55. Rf7+ Ke8 56. Ra7 Qe5+ 57. g3 Qd4 58.
Rh8+ 1-0

[Event "Gries-Groeden"]
[Site "?"]
[Date "2015.11.07"]
[Round "1.3"]
[White "Moroder, Thomas"]
[Black "Niederstaetter, Harald"]
[Result "1-0"]
[WhiteElo "1951"]
[BlackElo "1951"]
[PlyCount "87"]
[EventDate "2015.??.??"]

1. e4 g6 2. d4 Bg7 3. c4 d6 4. Nc3 Nc6 5. Be3 e5 6. Nge2 exd4 7. Nxd4 Nxd4 8.
Bxd4 Bxd4 9. Qxd4 Qf6 10. Qd2 Qe5 11. O-O-O Be6 12. f4 Qc5 13. Na4 Qc6 14. Qd4
f6 15. Nc3 Qb6 16. Nb5 Qxd4 17. Rxd4 Kd7 18. c5 a6 19. Nc3 Kc6 20. cxd6 cxd6
21. Be2 Ne7 22. Rhd1 Rhd8 23. R1d2 Rac8 24. g4 Kc7 25. f5 Bg8 26. g5 fxg5 27.
f6 Nc6 28. R4d3 Ne5 29. Rd4 h5 30. Rd1 Rd7 31. Rf1 Rf8 32. Kd2 Be6 33. Ke3 Bg8
34. b3 b5 35. a4 Nc6 36. Rd2 b4 37. Nd5+ Bxd5 38. Rxd5 Kb6 39. Rxg5 Ne5 40. Rd1
Rxf6 41. Rxe5 dxe5 42. Rxd7 Rc6 43. Bc4 Rf6 44. Rd5 1-0

[Event "Gries-Groeden"]
[Site "?"]
[Date "2015.11.07"]
[Round "1.5"]
[White "Prinoth, Franz"]
[Black "Fongarolli, Diego"]
[Result "1-0"]
[WhiteElo "1936"]
[BlackElo "1772"]
[PlyCount "91"]
[EventDate "2015.??.??"]

1. d4 Nf6 2. c4 g6 3. Nc3 d5 4. e3 Bg7 5. Nf3 O-O 6. Bd2 c6 7. b4 Re8 8. Qb3
Bf5 9. cxd5 cxd5 10. Bb5 Nc6 11. O-O Qd6 12. Rac1 Rec8 13. Bxc6 Rxc6 14. Nb5
Qd8 15. Ne5 Ne4 16. Nxc6 bxc6 17. Rfd1 cxb5 18. f3 Nxd2 19. Rxd2 Rc8 20. Rc5
Rxc5 21. bxc5 Qa5 22. Rd1 Bh6 23. Kf2 b4 24. g4 Be6 25. Rc1 Qc7 26. Kg2 a5 27.
Rd1 Qc6 28. h4 f5 29. g5 Bg7 30. f4 Bd7 31. Rc1 e6 32. Kf3 Bf8 33. Rb1 Qa4 34.
Kf2 Kf7 35. Rc1 Qb5 36. a3 Qa4 37. Qxa4 Bxa4 38. axb4 axb4 39. c6 Bxc6 40. Rxc6
Ke7 41. Ke2 Kd7 42. Rb6 Bd6 43. Kd3 Kc7 44. Ra6 Kd7 45. Kc2 Kc7 46. Ra7+ 1-0

[Event "J. Richter/Lask-Naturns"]
[Site "?"]
[Date "2015.11.07"]
[Round "1.1"]
[White "Mukic, Josko"]
[Black "Dappiano, Andrea"]
[Result "1-0"]
[WhiteElo "2262"]
[BlackElo "2249"]
[PlyCount "55"]
[EventDate "2015.??.??"]

1. e4 e6 2. d3 c5 3. Nf3 Nc6 4. g3 g6 5. Bg2 Bg7 6. O-O Nge7 7. c3 O-O 8. d4
cxd4 9. cxd4 d5 10. e5 f6 11. exf6 Bxf6 12. Bh6 Re8 13. Nc3 Nf5 14. Be3 Qb6 15.
Na4 Qc7 16. Rc1 Qg7 17. Re1 Ncxd4 18. Nxd4 Nxd4 19. Bxd4 Bxd4 20. Bxd5 Rd8 21.
Rxc8 Raxc8 22. Bxe6+ Kh8 23. Bxc8 Rxc8 24. Re2 Qf6 25. Rd2 Rd8 26. Kg2 Qc6+ 27.
f3 Qf6 28. Nc3 1-0

[Event "J. Richter/Lask-Naturns"]
[Site "?"]
[Date "2015.11.07"]
[Round "1.3"]
[White "Lezzerini, Marco"]
[Black "Moncher, Stefano"]
[Result "1-0"]
[WhiteElo "2086"]
[BlackElo "2157"]
[PlyCount "47"]
[EventDate "2015.??.??"]

1. d4 f5 2. c4 Nf6 3. g3 g6 4. Bg2 Bg7 5. Nf3 O-O 6. O-O d6 7. Nc3 c6 8. d5 Bd7
9. Nd4 Qb6 10. Nc2 Na6 11. Rb1 Qd8 12. e4 Rc8 13. Nd4 fxe4 14. Nxe4 Nxe4 15.
Bxe4 Qe8 16. b3 Qf7 17. Bg2 Bf5 18. Nxf5 Qxf5 19. Bb2 Nc5 20. Bxg7 Kxg7 21. b4
Nd7 22. Qd4+ Ne5 23. f4 Qd3 24. Qb2 1-0

[Event "J. Richter/Lask-Naturns"]
[Site "?"]
[Date "2015.11.07"]
[Round "1.4"]
[White "Billio, Atto"]
[Black "Gurschler, Thomas"]
[Result "1-0"]
[WhiteElo "2012"]
[BlackElo "1810"]
[PlyCount "72"]
[EventDate "2015.??.??"]

1. c4 g6 2. g3 Bg7 3. Bg2 c6 4. Nc3 d6 5. e4 e5 6. Nge2 Ne7 7. d4 O-O 8. O-O
Nd7 9. Be3 Qc7 10. Qd2 Nf6 11. h3 Bd7 12. Rad1 Rad8 13. b3 Qc8 14. Kh2 b6 15.
Qc1 h5 16. dxe5 dxe5 17. Qa3 c5 18. Qxa7 Qc6 19. Nd5 Nc8 20. Qa3 Nh7 21. Qc1
Qe6 22. Bh6 f6 23. Bxg7 Kxg7 24. f4 h4 25. gxh4 f5 26. exf5 Rxf5 27. Ng3 Rf7
28. Qc3 Kg8 29. Qxe5 Rdf8 30. Rde1 Qxe5 31. fxe5 Be6 32. Rxf7 Rxf7 33. Rf1 Rd7
34. Ne2 b5 35. Nef4 Nf8 36. Nf6+ Kf7 1-0

[Event "J. Richter/Lask-Naturns"]
[Site "?"]
[Date "2015.11.07"]
[Round "1.5"]
[White "Naegele, Raimund"]
[Black "Battiston, Claudio"]
[Result "0-1"]
[WhiteElo "1663"]
[BlackElo "1779"]
[PlyCount "61"]
[EventDate "2015.??.??"]

1. d4 Nf6 2. Nf3 g6 3. e3 Bg7 4. Be2 d6 5. Nbd2 O-O 6. O-O c6 7. c4 Nbd7 8. b3
e5 9. Qc2 Re8 10. dxe5 dxe5 11. Bb2 Qc7 12. Rfd1 Nc5 13. e4 Nh5 14. g3 Bg4 15.
Nf1 Rad8 16. Ne3 Bxf3 17. Bxf3 Nf6 18. Ng4 Nxg4 19. Bxg4 h5 20. Bh3 Ne6 21.
Bxe6 Rxe6 22. Ba3 Rd4 23. Bb2 Rxd1+ 24. Rxd1 Rd6 25. c5 Rxd1+ 26. Qxd1 Qa5 27.
Qd6 Qe1+ 28. Kg2 Qxe4+ 29. Kh3 Qe2 30. Bc3 Qxf2 31. Qd8+ 0-1

[Event "J. Richter/Lask-Naturns"]
[Site "?"]
[Date "2015.11.07"]
[Round "1.6"]
[White "Kowalczyk, Martin"]
[Black "Gurschler, Gregor"]
[Result "0-1"]
[WhiteElo "1774"]
[BlackElo "1826"]
[PlyCount "94"]
[EventDate "2015.??.??"]

1. e4 d6 2. d4 Nf6 3. Nc3 g6 4. f4 Bg7 5. Nf3 O-O 6. Bd3 Na6 7. O-O c5 8. Bxa6
cxd4 9. Nxd4 bxa6 10. Kh1 Bb7 11. Qd3 Qa5 12. f5 Ng4 13. Bf4 Qc5 14. Nce2 Rac8
15. c3 Qc4 16. Qh3 Nf6 17. e5 dxe5 18. Bxe5 Qd5 19. fxg6 Qxe5 20. Rxf6 hxg6 21.
Rf2 Qg5 22. Nf3 Qe3 23. Raf1 Bd5 24. Ned4 Bc4 25. Nc2 Qh6 26. Qxh6 Bxh6 27. Re1
e6 28. b3 Bd5 29. c4 Bb7 30. Ne3 Bg7 31. Ng4 Bxf3 32. gxf3 Rfd8 33. Kg2 Rc5 34.
f4 a5 35. Ree2 a4 36. Rd2 Rdc8 37. Rd7 axb3 38. axb3 R5c7 39. Rfd2 Kf8 40. Kf3
Ke8 41. Rxc7 Rxc7 42. Ne5 g5 43. Rg2 f6 44. Nd3 Bh6 45. Ke4 gxf4 46. Nxf4 Kf7
47. Rg4 f5+ 0-1

[Event "J. Richter/Lask-Naturns"]
[Site "?"]
[Date "2015.11.07"]
[Round "1.2"]
[White "De Eccher, Stefano"]
[Black "La Manna, Andrea"]
[Result "0-1"]
[WhiteElo "2212"]
[BlackElo "2172"]
[PlyCount "50"]
[EventDate "2015.??.??"]

1. e4 d5 2. exd5 Nf6 3. d4 Nxd5 4. Nf3 e6 5. g3 c5 6. Bg2 Nc6 7. O-O Be7 8.
dxc5 O-O 9. Qe2 Bxc5 10. c4 Nf6 11. Nc3 Qe7 12. Bg5 h6 13. Bxf6 Qxf6 14. Ne4
Qe7 15. Nxc5 Qxc5 16. Rad1 b6 17. b3 Ba6 18. a3 Rad8 19. Qb2 Bb7 20. Rfe1 a5
21. Nd4 Rxd4 22. Rxd4 Qxd4 23. Qxd4 Nxd4 24. Bxb7 Rb8 25. Ba6 Nf3+ 0-1

[Event "Deutschnofen-Merania"]
[Site "?"]
[Date "2015.11.07"]
[Round "1.5"]
[White "Tappeiner, Michael"]
[Black "Hofer, Alois"]
[Result "0-1"]
[WhiteElo "1761"]
[BlackElo "1688"]
[PlyCount "64"]
[EventDate "2015.??.??"]

1. c4 c5 2. g3 Nc6 3. Bg2 Nf6 4. Nc3 e6 5. e4 Be7 6. Nge2 d6 7. O-O O-O 8. d3
a6 9. Bd2 Bd7 10. f4 Qc7 11. h3 Rab8 12. a4 Nb4 13. Be3 Ne8 14. g4 g6 15. g5
Ng7 16. Ng3 f6 17. h4 fxg5 18. hxg5 Rf7 19. Qd2 Rbf8 20. Nce2 a5 21. b3 e5 22.
Nc3 exf4 23. Bxf4 Ne6 24. Be3 Rxf1+ 25. Rxf1 Rxf1+ 26. Kxf1 Qd8 27. Bh3 Nd4 28.
Bxd7 Qxd7 29. Kg2 Qg4 30. Bxd4 cxd4 31. Nd5 Bxg5 32. Qf2 Nxd3 0-1

[Event "Deutschnofen-Merania"]
[Site "?"]
[Date "2015.11.07"]
[Round "1.2"]
[White "Micheli, Carlo"]
[Black "Boraso, Alessio"]
[Result "0-1"]
[WhiteElo "2239"]
[BlackElo "2208"]
[PlyCount "72"]
[EventDate "2015.??.??"]

1. c4 Nf6 2. g3 e5 3. Bg2 c6 4. d4 exd4 5. Qxd4 Na6 6. Nc3 Bc5 7. Qd2 O-O 8.
Nh3 d5 9. cxd5 cxd5 10. O-O d4 11. Na4 Bb4 12. Qd1 Bxh3 13. Bxh3 b5 14. Bg2
bxa4 15. Bxa8 Qxa8 16. Qxd4 Qc6 17. Bg5 Ne4 18. Bf4 Bc5 19. Qd3 Bb6 20. Rac1
Nac5 21. Qc4 Qf6 22. Qb4 Qe6 23. Be3 Rc8 24. Rfd1 h5 25. Bd4 h4 26. Qc4 Qf5 27.
Rd3 Nd6 28. Rf3 Qxf3 29. exf3 Nxc4 30. Rxc4 hxg3 31. hxg3 Rc7 32. Kf1 Ne6 33.
Rxc7 Nxc7 34. Bc3 Nd5 35. Bd2 Bd4 36. b3 a3 0-1

[Event "Deutschnofen-Merania"]
[Site "?"]
[Date "2015.11.07"]
[Round "1.3"]
[White "Teutsch, Alexander"]
[Black "Thurner, Markus"]
[Result "1-0"]
[WhiteElo "2035"]
[BlackElo "1874"]
[PlyCount "70"]
[EventDate "2015.??.??"]

1. d4 e6 2. c4 f5 3. Nf3 Nf6 4. Nc3 Be7 5. Qc2 d5 6. Bf4 c6 7. e3 O-O 8. h3 Qa5
9. Bd3 Na6 10. Qb3 Nb4 11. Be2 Ne4 12. O-O Na6 13. Nxe4 fxe4 14. Ne5 Nc7 15. a3
Ne8 16. Rac1 Qd8 17. cxd5 exd5 18. Rxc6 Rxf4 19. exf4 bxc6 20. Nxc6 Qd6 21.
Qxd5+ Qxd5 22. Nxe7+ Kf8 23. Nxd5 Be6 24. Ne3 Rb8 25. f5 Bb3 26. Rc1 Rb7 27.
Rc6 Nf6 28. Bc4 Bxc4 29. Nxc4 Ke7 30. b4 Rd7 31. Re6+ Kf8 32. Nd6 Rc7 33. Nxe4
Nxe4 34. Rxe4 Rc1+ 35. Kh2 Rd1 1-0

[Event "Deutschnofen-Merania"]
[Site "?"]
[Date "2015.11.07"]
[Round "1.4"]
[White "Gibitz, Othmar"]
[Black "Della Sala, Bruno"]
[Result "0-1"]
[WhiteElo "1644"]
[BlackElo "2057"]
[PlyCount "56"]
[EventDate "2015.??.??"]

1. e4 e6 2. d4 d5 3. Nc3 Nf6 4. Bg5 Bb4 5. e5 h6 6. Bd2 Bxc3 7. bxc3 Ne4 8. Bd3
Nxd2 9. Qxd2 c5 10. Nf3 Qa5 11. O-O Nc6 12. Rfd1 a6 13. Bf1 c4 14. Nh4 Na7 15.
Re1 Bd7 16. Rab1 O-O-O 17. Ra1 Qa3 18. Re3 Ba4 19. Qc1 Nb5 20. Be2 Rd7 21. Bd1
Rc7 22. f4 g6 23. Nf3 Rc6 24. Qxa3 Nxa3 25. Ne1 Rb6 26. Kf2 Rb2 27. Re2 Kd7 28.
Ke3 Nb1 0-1